000 00278nam a2200121 a 4500
008 100922s1981|||| d
245 1 0 _aLonigan. /Zv./ 2
100 1 _aFarrell, James T.
260 _aBratislava
_c1981
_bTatran
020 _c80
044 _axo
_cSK
041 _aslo
999 _c10589
_d10589